| 000 | 00727nam a2200217 u 4500 | ||
|---|---|---|---|
| 005 | 20240925065524.0 | ||
| 008 | 140409s1997 r 000 0 eng d | ||
| 020 | _a9509467804 | ||
| 035 | _aUPN01000196936 | ||
| 049 | _aCG | ||
| 050 | 4 |
_aLC191 _bA2.3 |
|
| 245 | 0 | 3 |
_aEl acento francés en la educación : _bcinco estudios sociológicos / _ccomp. Jean-Louis Derouet ; tr. Elais Zapiola de Perrotti. |
| 260 |
_aBuenos Aires : _bMiño y Dávila : _bCentro de Estudios Multidisciplinarios, _c1997. |
||
| 300 | _a149 p. | ||
| 440 | 0 | _aCem-educación | |
| 650 | 4 |
_aSociología de la educación _94896 |
|
| 650 | 4 |
_aEducación _zFrancia _911558 |
|
| 700 | 1 |
_aDerouet, Jean-Louis, _ecomp. |
|
| 905 | _aLibro | ||
| 999 |
_c169037 _d169037 |
||